Computer security (Record no. 6697)
[ view plain ]
| 000 -LEADER | |
|---|---|
| fixed length control field | 00477 a2200169 4500 |
| 020 ## - INTERNATIONAL STANDARD BOOK NUMBER | |
| International Standard Book Number | 8126506903 |
| 040 ## - CATALOGING SOURCE | |
| Original cataloging agency | DLC |
| Language of cataloging | DLC |
| 082 ## - DEWEY DECIMAL CLASSIFICATION NUMBER | |
| Classification number | 005.8 |
| 110 ## - MAIN ENTRY--CORPORATE NAME | |
| Corporate name or jurisdiction name as entry element | Gollmann, Dieter. |
| 245 ## - TITLE STATEMENT | |
| Title | Computer security |
| Statement of responsibility, etc. | Dieter Gollmann |
| 250 ## - EDITION STATEMENT | |
| Edition statement | 2nd ed |
| 260 ## - PUBLICATION, DISTRIBUTION, ETC. | |
| Place of publication, distribution, etc. | New Delhi : |
| Name of publisher, distributor, etc. | Wiley & Sons (Asia) Ltd., |
| Date of publication, distribution, etc. | c2006. |
| 300 ## - PHYSICAL DESCRIPTION | |
| Extent | xi, 374 p; |
| Other physical details | . : ill. |
| Dimensions | 24 cm. |
| 500 ## - GENERAL NOTE | |
| General note | Includes bibliographical references and index |
| 650 ## - SUBJECT ADDED ENTRY--TOPICAL TERM | |
| Topical term or geographic name entry element | Computer security. |
| 942 ## - ADDED ENTRY ELEMENTS (KOHA) | |
| Koha item type | Book |
| Call number prefix | 005.8 GOL |
| Source of classification or shelving scheme | |
| Withdrawn status | Lost status | Damaged status | Not for loan | Collection code | Permanent Location | Current Location | Shelving location | Date acquired | Source of acquisition | Cost, normal purchase price | Total Checkouts | Full call number | Barcode | Date last seen | Price effective from | Koha item type | Date last checked out |
|---|---|---|---|---|---|---|---|---|---|---|---|---|---|---|---|---|---|
| Central Library (CL) | Central Library (CL) | First Floor - Artificial Intelligence/Data Mining | 04/16/2007 | Saeed Book Bank | 514.80 | 005.8 GOL | SEECS008367 | 11/14/2012 | 01/05/2017 | Book | |||||||
| Central Library (CL) | Central Library (CL) | First Floor - Artificial Intelligence/Data Mining | 04/16/2007 | Saeed Book Bank | 514.80 | 1 | 005.8 GOL | SEECS008369 | 09/25/2019 | 01/05/2017 | Book | 09/08/2019 | |||||
| Central Library (CL) | Central Library (CL) | First Floor - Artificial Intelligence/Data Mining | 04/16/2007 | Saeed Book Bank | 514.80 | 1 | 005.8 GOL | SEECS008368 | 09/21/2019 | 01/05/2017 | Book | 07/09/2019 |
